000 00619cam a22002291 4500
001 sa 66006358
003 DLC
005 20260227112256.0
008 790828s1954 ii f000 0 engd
010 _asa 66006358
025 _aPL480:I-D-E-294
035 _a(OCoLC)5318879
040 _aDLC
_cNbU
_dDLC
042 _apremarc
050 0 0 _aHG3284
_b.R44 1954
110 2 _aReserve Bank of India.
245 1 0 _aBanking and monetary statistics of India.
260 _aBombay
_c[1954]
300 _axiv, 1005 p.
_c29 cm.
650 0 _aBanks and banking
_zIndia
_vStatistics.
650 0 _aMoney
_zIndia
_vStatistics.
999 _c70484
_d70484